Statistics for 2023 Gold Coast Suns AFL Team Quiz

Click here to take the quiz!

General Stats

  • This quiz has been taken 4 times
  • The average score is 28 of 55

Answer Stats

No.Player Name% Correct
6Alex Sexton
100%
34Ben King
100%
Forward CoachBrad Miller
100%
24David Swallow
100%
28Jarrod Witts
100%
Midfield CoachStephen King
100%
Senior Coach (sacked mid season)Stuart Dew
100%
11Touk Miller
100%
10Charlie Ballard
75%
33Charlie Constable
75%
47Hewago Oea
75%
17Jed Anderson
75%
1Mabior Chol
75%
18Matt Rowell
75%
15Noah Anderson
75%
25Sam Collins
75%
3Sam Flanders
75%
23Sean Lemmens
75%
4Brandon Ellis
50%
43Brodie Mclaughlin
50%
46Caleb Graham
50%
29Chris Burgess
50%
35Connor Budarick
50%
13Jack Lukosius
50%
30Levi Casboult
50%
31Mac Andrew
50%
41Malcolm Rosas
50%
49Ned Moyle
50%
12Sam Day
50%
27Wil Powell
50%
5Alex Davies
25%
19Bailey Humphrey
25%
9Ben Ainsworth
25%
22Ben Long
25%
32Bohdi Uwland
25%
8Braydon Fiorini
25%
26Connor Blakely
25%
44Darcy MacPherson
25%
36Elijah Hollands
25%
Development CoachJackson Kornberg
25%
42Jake Stein
25%
21James Tsitas
25%
20Jeremy Sharp
25%
40Joel Jeffrey
25%
VFL Senior CoachJosh Drummond
25%
50Jy Farrar
25%
14Lachie Weller
25%
38Lloyd Johnston
25%
7Nick Holman
25%
37Oskar Faulkhead
25%
Head of DevelopmentRhyce Shaw
25%
2Rory Atkins
25%
45Sandy Brock
25%
Defence CoachTate Kaesler
25%
16Thomas Berry
25%

Score Distribution

Percentile by Number Answered

Percent of People with Each Score

Your Score History

You have not taken this quiz